000 00727nam a2200205Ii 4500
003 JO-AjNU
008 230605s9999||||xx |||||||||||||| ||und||
040 _aJO-AjNU
_bara
_erda
_cJO-AjNU
041 _aara
050 1 4 _aBP144.S386 1982
100 3 _aالشوكاني، محمد بن علي ,
_eauthor
_98195
245 0 0 _aطلب العلم وطبقات المتعلمين :أدب الطلب ومنتهى الأرب
250 _aط1
264 3 1 _aبيروت: دار الكتب العلمية، 1982
300 _a164ص
336 _atext
_btxt
_2rdacontent
337 _aunmediated
_bn
_2rdamedia
338 _avolume
_bnc
_2rdacarrier
650 4 _aآداب طالب العلم- الاسلام- دراسة وتعليم
_98196
999 _aA665
_c4233
_d4233